000 00583nam a2200229Ia 4500
003 OSt
005 20220928122118.0
006 a|||||r|||| 00| 0
007 ta
008 220927b |||||||| |||| 00| 0 eng d
024 _a43449
037 _cTextual
040 _aSDCL
_cSDCL
_beng
041 _2eng
_aeng
082 _aSM9, L8
100 _aSchafer Roy
_9456116
245 0 _aLanguage and insight.
260 _aNew Haven
_b Yale University Press
_c1978
300 _axiv,200p.
_ccm.
942 _hSM9, L8
_cTEXL
_2CC
999 _c769750
_d769750